[Event "AUTO-ADV-947"]
[Site "http://www.queenalice.com/game.php?id=421449"]
[Date "2008.6.22"]
[Round "1"]
[White "Ojuara_Onimtugapatiba"]
[Black "felomeno"]
[Result "0-1"]
[WhiteElo "1718"]
[BlackElo "1730"]

1. e4 d5 2. Nf3 dxe4 3. Ng5 Qd5 4. d3 Nh6 5. Nxe4 Nc6 6. Qf3 Nd4 7. Qd1 e6 8. c3
Ndf5 9. Qh5 Ne3 10. fxe3 Qxh5 11. Ng3 Qa5 12. Be2 b5 13. O-O b4 14. Bd2 Bd6 15.
a3 Bxg3 16. hxg3 Bb7 17. cxb4 Qd5 18. Nc3 Qxg2# 0-1

[Event "AUTO-ADV-947"]
[Site "http://www.queenalice.com/game.php?id=421450"]
[Date "2008.6.22"]
[Round "1"]
[White "felomeno"]
[Black "Ojuara_Onimtugapatiba"]
[Result "1-0"]
[WhiteElo "1741"]
[BlackElo "1702"]

1. e4 e5 2. d4 exd4 3. Bc4 c6 4. Qf3 Nf6 5. e5 Qe7 6. Bf4 Qb4+ 7. Nd2 Qxb2 8.
Qd1 Ng8 9. Ngf3 Bb4 10. O-O d6 11. exd6 Nf6 12. Qe2+ Be6 13. Bxe6 O-O 14. Ng5
fxe6 15. Qxe6+ Kh8 16. Qe7 Na6 17. Ne6 Rg8 18. Nc4 Qxc2 19. Nxg7 Bc3 20. Qxf6
Bxa1 21. Ne8+ Rg7 22. Qxg7# 1-0

[Event "AUTO-ADV-947"]
[Site "http://www.queenalice.com/game.php?id=421453"]
[Date "2008.6.22"]
[Round "1"]
[White "Ojuara_Onimtugapatiba"]
[Black "PudVein"]
[Result "1-0"]
[WhiteElo "1679"]
[BlackElo "1912"]

1. e4 d6 2. Nf3 Nf6 3. Bc4 Nxe4 4. d3 Nf6 5. Ng5 e6 6. d4 d5 7. Bb3 Be7 8. c4
O-O 9. O-O c6 10. cxd5 exd5 11. Bf4 Bf5 12. Nd2 h6 13. Ngf3 Nbd7 14. Nh4 Bh7 15.
Qf3 Ne4 16. Nxe4 Bxe4 17. Qg4 Bxh4 18. Bxh6 Qf6 19. Be3 Bf5 20. Qf4 Bg6 21. Rae1
Qxf4 22. Bxf4 Bd3 23. g3 Bf6 24. Bd6 Bxf1 25. Bxf8 Kxf8 26. Kxf1 Bxd4 27. Bc2
Bxb2 28. h4 Bd4 29. Bf5 Nf6 30. f4 1-0

[Event "AUTO-ADV-947"]
[Site "http://www.queenalice.com/game.php?id=421454"]
[Date "2008.6.22"]
[Round "1"]
[White "PudVein"]
[Black "Ojuara_Onimtugapatiba"]
[Result "0-1"]
[WhiteElo "1887"]
[BlackElo "1704"]

1. e4 e5 2. Nf3 Nc6 3. Bc4 Bc5 4. c3 d6 5. d4 d5 6. exd5 Na5 7. Bb5+ c6 8. dxc6
bxc6 9. Ba4 Bb6 10. O-O Nf6 11. Nxe5 O-O 12. Nxc6 Nxc6 13. Bxc6 Rb8 14. Bg5 Bc7
15. g3 Rxb2 16. Na3 Bh3 17. Bg2 Bxg2 18. Bxf6 Qd5 19. Be5 Bh1 20. f3 Rxa2 21.
Rxa2 Bxe5 22. Kxh1 Qxa2 23. dxe5 Qxa3 24. Qd4 g6 25. c4 a5 26. f4 a4 27. Ra1 Qb4
28. Qd5 a3 29. Qb5 Qc3 30. Ra2 h6 0-1

[Event "AUTO-ADV-1167"]
[Site "http://www.queenalice.com/game.php?id=516866"]
[Date "2009.1.4"]
[Round "1"]
[White "gfreire"]
[Black "Ojuara_Onimtugapatiba"]
[Result "1-0"]
[WhiteElo "2078"]
[BlackElo "1771"]

1. e4 e5 2. Nf3 Nc6 3. Bb5 Bc5 4. c3 Nf6 5. d4 exd4 6. cxd4 Bb4+ 7. Bd2 Bxd2+ 8.
Nbxd2 d5 9. e5 Ne4 10. O-O O-O 11. Bxc6 bxc6 12. Nxe4 Bg4 13. h3 f5 14. Nc5 Bh5
15. Ne6 Qe7 16. Nxf8 Rxf8 17. Qd3 g5 18. Kh2 g4 19. Ng1 gxh3 20. Nxh3 Bg4 21.
Nf4 Be2 22. Qxe2 Qh4+ 23. Nh3 Qxd4 24. Rfd1 Qh4 25. g3 Qe7 26. f4 Qe6 27. b4 d4
28. Rxd4 Qh6 29. e6 Qf6 30. e7 Re8 31. Re1 Qxd4 32. Qe6+ Kh8 33. Qe5+ Qxe5 34.
Rxe5 1-0

[Event "AUTO-ADV-1167"]
[Site "http://www.queenalice.com/game.php?id=516867"]
[Date "2009.1.4"]
[Round "1"]
[White "Ojuara_Onimtugapatiba"]
[Black "gfreire"]
[Result "0-1"]
[WhiteElo "1790"]
[BlackElo "1940"]

1. e4 e5 2. Nf3 Nf6 3. Bc4 Nc6 4. Ng5 d5 5. exd5 Nxd5 6. Qh5 g6 7. Qf3 Be6 8.
Bb5 Qxg5 9. Nc3 Nb4 10. Ba4 O-O-O 11. O-O Nd4 12. Qe3 Qxe3 13. fxe3 Ndxc2 14.
Rb1 Bf5 15. d4 exd4 16. Rf4 dxc3 17. bxc3 Nxa2 18. g4 Bd3 19. Bb2 Nxe3 20. c4
Bxb1 21. Bxh8 Bc5 22. Kf2 Nd5+ 23. Rd4 Bxd4+ 24. Bxd4 Nb6 25. Bb3 Rxd4 0-1

[Event "AUTO-ADV-1167"]
[Site "http://www.queenalice.com/game.php?id=516880"]
[Date "2009.1.4"]
[Round "1"]
[White "Mikael"]
[Black "Ojuara_Onimtugapatiba"]
[Result "0-1"]
[WhiteElo "2109"]
[BlackElo "1769"]

1. e4 e5 2. Nf3 Nc6 3. Bb5 Bc5 4. O-O d6 5. c3 Nf6 6. d4 exd4 7. cxd4 Nxe4 8.
dxc5 O-O 9. cxd6 Nxd6 10. Bxc6 bxc6 11. Nc3 Ba6 12. Re1 c5 13. Bg5 f6 14. Bf4
Rb8 15. b3 Rb4 16. Qd5+ Rf7 17. Rad1 Rxf4 18. Qxc5 g5 19. Nd5 g4 20. Nxf4 gxf3
0-1

[Event "AUTO-ADV-1167"]
[Site "http://www.queenalice.com/game.php?id=516881"]
[Date "2009.1.4"]
[Round "1"]
[White "Ojuara_Onimtugapatiba"]
[Black "Mikael"]
[Result "1-0"]
[WhiteElo "1739"]
[BlackElo "2132"]

1. e4 c5 2. Nf3 d6 3. Bc4 a6 4. Ng5 e6 5. d3 b5 6. Qf3 Nf6 7. e5 dxe5 8. a3 Ra7
9. Bxe6 Bxe6 10. Nxe6 fxe6 11. Bg5 Be7 12. O-O O-O 13. Qg3 Nc6 14. Bh6 g6 15.
Bxf8 Bxf8 16. c4 Nd4 17. Qxe5 Bg7 18. Qxc5 Rd7 19. cxb5 Nb3 20. Qc6 1-0

[Event "AUTO-ADV-1167"]
[Site "http://www.queenalice.com/game.php?id=516888"]
[Date "2009.1.4"]
[Round "1"]
[White "coccobill"]
[Black "Ojuara_Onimtugapatiba"]
[Result "1-0"]
[WhiteElo "1974"]
[BlackElo "1799"]

1. e4 e5 2. Nf3 Nc6 3. Bc4 Bc5 4. b4 Bxb4 5. c3 Ba5 6. d4 exd4 7. Qb3 Nf6 8.
Bxf7+ Kf8 9. Bd5 d6 10. O-O Nxd5 11. Qxd5 Qe7 12. Ba3 Be6 13. Qb5 Bxc3 14. Nxc3
a6 15. Qxb7 Kf7 16. Qxc6 Rhf8 17. e5 dxc3 18. Qxc3 Kg8 19. exd6 cxd6 20. Rfe1
Rac8 21. Qe3 Qf6 22. Qxe6+ Rf7 23. Qxc8+ Rf8 24. Qxa6 Qg6 25. Rad1 Rxf3 26. Rxd6
Qg5 27. Qc8+ Kf7 28. Qe8# 1-0

[Event "AUTO-ADV-1167"]
[Site "http://www.queenalice.com/game.php?id=516889"]
[Date "2009.1.4"]
[Round "1"]
[White "Ojuara_Onimtugapatiba"]
[Black "coccobill"]
[Result "0-1"]
[WhiteElo "1760"]
[BlackElo "2038"]

1. e4 e5 2. Nf3 Nc6 3. Bc4 Bc5 4. d3 d6 5. Ng5 Nh6 6. Nf3 Ng8 7. Ng5 Nh6 8. Nf3
Qf6 9. Bxh6 Qxh6 10. c3 Bg4 11. O-O O-O 12. Qd2 Qg6 13. Qg5 Qh5 14. Qh4 Bxf3 15.
Qxh5 Bxh5 16. Nd2 Bb6 17. b4 a5 18. b5 Ne7 19. a4 Rad8 20. d4 exd4 21. cxd4 Bxd4
22. Rac1 d5 23. exd5 Nxd5 24. Nb3 Nc3 25. Nxd4 Nxa4 26. Nf5 Nb6 27. Ne7+ Kh8 28.
f3 Nxc4 29. Rxc4 Rfe8 30. Rxc7 b6 31. g4 Bg6 32. Nxg6+ hxg6 33. Rxf7 Re5 34. Rb1
Rd2 35. f4 Ree2 36. f5 Rg2+ 37. Kf1 Rxh2 38. Kg1 gxf5 39. gxf5 Rdg2+ 40. Kf1
Rh1+ 41. Kxg2 Rxb1 42. f6 gxf6 43. Rxf6 Rxb5 44. Kg3 a4 45. Rf8+ Kg7 46. Ra8
Rb3+ 47. Kf4 b5 48. Ke4 a3 49. Ra7+ Kf6 50. Kd4 b4 51. Kc4 Rb2 52. Kc5 a2 53.
Rxa2 Rxa2 54. Kxb4 Ke5 55. Kc4 Ra8 0-1

[Event "AUTO-OPEN-1360"]
[Site "http://www.queenalice.com/game.php?id=545812"]
[Date "2009.2.24"]
[Round "2"]
[White "Ojuara_Onimtugapatiba"]
[Black "gargur"]
[Result "0-1"]
[WhiteElo "1767"]
[BlackElo "1988"]

1. e4 e5 2. Nf3 Nc6 3. Bc4 Bc5 4. d3 Nf6 5. Ng5 O-O 6. O-O h6 7. Nf3 d6 8. c3 a6
9. d4 Na5 10. dxc5 Nxc4 11. cxd6 Nxd6 12. Nxe5 Ndxe4 13. Qf3 Qe8 14. Nc4 Qe7 15.
Nbd2 b5 16. Nxe4 Qxe4 17. Nd2 Qb7 18. Qg3 Qc6 19. Nf3 Ne4 20. Qf4 g5 21. Qe3 Bb7
22. Ne5 Qf6 23. Nd7 Qc6 24. Nxf8 Nd2 25. f3 Nxf1 26. Kxf1 Rxf8 27. h4 Qc4+ 28.
Kg1 Qxh4 29. b4 Bc6 30. g4 Qg3+ 31. Kf1 Re8 32. Qf2 Qh3+ 33. Qg2 Re1+ 34. Kf2
Re2+ 35. Kxe2 Qxg2+ 36. Kd1 Bxf3+ 37. Ke1 Qe2# 0-1

[Event "AUTO-OPEN-1360"]
[Site "http://www.queenalice.com/game.php?id=545813"]
[Date "2009.2.24"]
[Round "2"]
[White "gargur"]
[Black "Ojuara_Onimtugapatiba"]
[Result "1-0"]
[WhiteElo "1954"]
[BlackElo "1780"]

1. e4 e5 2. Nf3 Nc6 3. Bb5 a6 4. Ba4 b5 5. Bb3 d6 6. h3 Nh6 7. d3 Be7 8. Nc3 f5
9. Bxh6 gxh6 10. O-O fxe4 11. Bd5 Bb7 12. Nd4 exd4 13. Qh5+ Kd7 14. Qf5+ Ke8 15.
Qf7+ Kd7 16. Be6# 1-0